000 00820nam a2200253 a 4500
008
020 _a0198559127 (pbk.)
049 _aMAIN
090 0 1 _aQD945
_bRIE
245 0 4 _aThe Rietveld method /
_cedited by R. A. Young.
260 _a[Chester, England] :
_bInternational Union of Crystallograhy,
_c1993.
300 _ax, 298 p. :
_bill. ;
_c24 cm.
440 0 _aInternational Union of Crystallography monographs on crystallography ;
_v5.
504 _aIncludes bibliographical references.
500 _aIncludes index.
650 0 _aRietveld method.
650 0 _aX-rays
_xDiffraction
_xData processing.
700 1 _aYoung, R.A.
907 _a.b10121821
_b19-03-13
_c13-05-04
003
005 20230123133715.0
040 _cNUST
942 _cBOOKS
_kQD945
_mRIE
999 _c153241
_d153241